| 000 | 00763nam a2200217Ia 4500 | ||
|---|---|---|---|
| 003 | Ost | ||
| 005 | 20260507075051.0 | ||
| 008 | 260507s9999||||xx |||||||||||||| ||und|| | ||
| 020 | _a4099029957 | ||
| 040 | _cfsecg | ||
| 041 | _aara | ||
| 082 | _a658.4012 | ||
| 100 |
_aحسنين، محمد حسنين _eمؤلف |
||
| 245 | 0 |
_aتخطيط وإدارة ورش العمل / _c محمد حسنين حسنين |
|
| 260 |
_aعمان: _bدار المجدلاوي للنشر و التوزيع, _c2003 |
||
| 300 | _a232 صفحة؛ | ||
| 520 | _aالتخطيط الاداري، إدارة الاعمال، التنظيم الاداري، ورش العمل | ||
| 653 | _aإدارة الأعمال | ||
| 653 | _aالتخطيط الاداري | ||
| 942 | _cكتاب | ||
| 999 |
_c42654 _d42654 |
||